Quizzes
Events
Quiz Creation
Community
Videos
Private Events
Remove Ads
Sign In
Join for FREE
Feedback
Dark Mode
Quiz Categories
Sports
Geography
Music
Movies
Television
Just For Fun
Miscellaneous
History
Literature
Language
Science
Gaming
Entertainment
Religion
Holiday
For Kids
Quiz Lab
Recent
Popular Today
Quiz Kudos Today
Editor Picks
Curator Picks
Quizzes by...
Day
Popularity
Type
Ratings
Length
Year
Community
Subscriptions
Recent Discussions
Orange Saloon
Badges
Playlists
Quests
Create
Leaderboards
Showdown
Live 5
Trivia Bingo
Activity
Puzzle Library
Sporcle Events
Private Events
Virtual Trivia
Globe League
Become a Host
Pub Owners
SporcleCon
Opinionation
Our Games
Videos
Blog
Mobile Apps
Partnerships
Remove Ads and Go Orange
Feedback
Geography
Country
Landmarks
City
State
Population
World
Capital
Continent
Flags
Europe
Africa
Asia
South America
North America
Oceania
Border
Canada
United Kingdom
Topography
United States
Geography
Country
Landmarks
City
State
Population
World
Capital
Continent
Flags
Europe
Africa
Asia
South America
North America
Oceania
Border
Canada
United Kingdom
Topography
United States
Random Quiz
Search Sporcle
×
Quiz Lab
Quiz Lab
Geography
City
Type in answers that appear in a list
Type in answers that appear in a list
Classic
Best Score? Go Orange.
Eponymous Airports Stats
Can you name the Eponymous Airports?
By
MJ101
12m
20 Questions
108 Plays
108 Plays
108 Plays
Comments
Comments
Give Quiz Kudos
Give Quiz Kudos
-
- Ratings
hide this ad
More Info
Replay
Link that replays current quiz
Next Quiz
Link to next quiz in quiz playlist
You Got
0%
They Got
Avg Score
28%
Avg Friend Score
Upgrade to see
Score Distribution
Jump to the score distribution portion of the page
Score
0/20
Timer
12:00
0
Plays Today
City
Airport
% Correct
Paris, France
Charles De Gaulle International Airport
91.7%
Boston, Massachusetts
Logan International Airport
63%
Delhi, India
Indira Gandhi International Airport
61.1%
Las Vegas, Nevada
McCarran International Airport
47.2%
Salzburg, Austria
W.A. Mozart Airport
42.6%
Springfield, Illinois
Abraham Lincoln Capital Airport
41.7%
Skopje, Macedonia
Alexander The Great Airport
27.8%
Krakow, Poland
John Paul II International Airport Krakow-Balice
25.9%
Doncaster, UK
Robin Hood Airport Doncaster Sheffield
23.1%
Tirana, Albania
Tirana International Airport Nene Tereza
22.2%
City
Airport
% Correct
Pisa, Italy
Galileo Galilei Airport
21.3%
Ajaccio, France
Napoleon Bonaparte Airport
20.4%
Belgrade, Serbia
Belgrade Nikola Tesla Airport
18.5%
Munich, Germany
Franz Josef Strauss International Airport
15.7%
Amman, Jordan
Queen Alia International Airport
14.8%
Lyon, France
Lyon-Saint Exupery Airport
9.3%
Riyadh, Saudi Arabia
King Khalid International Airport
7.4%
Indiana, Pennsylvania
Indiana County/Jimmy Stewart International Airport
6.5%
Wroclaw, Poland
Copernicus Airport Wroclaw
5.6%
Montego Bay, Jamaica
Sangster International Airport
5.6%
Quiz Playlist
Details
Report
Send in Message
Add To Playlist
More Info:
Can you name these airports that are named after people when given the city that airport is in?
Classic:
Type in answers that appear in a list
Last Updated: Feb 16, 2017
Quiz Scoreboard
CHALLENGE
Sign Up to Join the Scoreboard
Show All
Scores
Hide
Comments
May contain spoilers
Recently Published
Pick 6: Fruits
by JohnFran
Miscellaneous
15s
Click the 1999 NBA Draft
by nibperrychub
Sports
2m
Alphabetical 'K' Countries by Flag Minefield
by ylime102
Geography
3m
More to Explore
Quiz From the Vault
Featured Blog Post
15 Basketball Trivia Facts You Can Be March Mad About
hide this ad
You Might Also Like...
Tags
City Quiz
airport
Eponymous
name
Today's Top Quizzes in Geography
Browse Geography
hide this ad
Today's Top Quizzes in City
Browse City
Top Contributed Quizzes in Geography
1
Countries of the World - No Outlines Minefield
2
Pick 6: Mountains
3
Least Populated Answer: 'G' Countries
4
Alphabetical 'L' Countries By Flag Minefield
5
Lietuvos savivaldybės (Lithuanian Municipalities)
6
Alphabetical 'M' Countries By Flag Minefield
7
Pick 6: National Parks
8
Pick 6: US States
9
African Flag Reveal XXXVI
10
Find the Landmarks A-Z
Explore More
Trending Topics
Harry Potter
Disney
NBA
Anime
Crossword
Kpop
Marvel
WWE
NFL
Song
Puzzle
Pokémon
Country
The Office
Soccer
hide this ad
More By:
MJ101
Quiz
Plays
Rating
Category
Featured
Created
British Military Aircraft Since WWII
3,032
4.58
History
Oct 1, 2009
Royal Navy Vessels
758
5.00
History
Oct 1, 2009
The Disproportionate Olympics
657
3.42
Sports
Aug 3, 2012
Battle by Sabaton Song
556
2.43
Music
Jan 17, 2012
Swing-Wing Aircraft
359
5.00
Miscellaneous
Jan 12, 2011
Go to Creator's Profile
Score Distribution
Quiz Creator Spotlight
MJ101
Follow
Send a Message
Quizzes Created
-
Created Quiz Play Count
-
More By This Creator
Popular Quizzes Today
1
Countries of Asia Without Outlines Minefield
2
Find the US States - No Outlines Minefield
3
Pick 6: Fruits
4
Alphabetical 'K' Countries by Flag Minefield
5
The Countries of the World
6
Find the US States
7
US States
8
Find the Countries of Europe - No Outlines Minefield
More Geography Quizzes
Geography Slot Machine
Published
Trending Quizzes
Pick 6: Mountains
Pick 6: Harry Potter
Pick 6: Flags
Pick 6: NFL Teams
Pick 6: Movie Franchises
Recently Updated
NWSL Teams
pecheneg
Women's Final Four Teams by Year
bhenderson79
Presidents Quartet II
eogle
Anything But Clue(do)
eogle
Anything But Oceanian Capitals
eogle
Anything But 7
eogle
Anything But Thing
eogle
Word Ladder: February 29
pecheneg
Song Title Questions
pecheneg
Women's NCAA Tournament #1 Seeds
pecheneg
Trending Topics
Marvel
Crossword
Harry Potter
NBA
Disney
Anime
Kpop
WWE
Pokémon
Country
The Office
Song
Puzzle
Soccer
NFL
Your Account Isn't Verified!
In order to create a playlist on Sporcle, you need to verify the email address you used during registration. Go to your
Sporcle Settings
to finish the process.
Report this User
Report this user for behavior that violates our
Community Guidelines
.
Details:
Send Report
Go to the Sporcle.com Mobile Site →
Comments